Manual de presupuesto /
Guardado en:
| Autor Principal: | |
|---|---|
| Otros Autores: | |
| Formato: | Libro |
| Idioma: | Spanish |
| Publicado: |
Buenos Aires :
Ediciones Macchi,
[1968]
|
| Series: | Colección Ciencias económicas.
|
| Materias: | |
| Etiquetas: |
Agregar Etiqueta
Sin Etiquetas, Sea el primero en etiquetar este registro!
|
| LEADER | 00785cam a22002415a 4500 | ||
|---|---|---|---|
| 001 | EAD.ead001749 | ||
| 008 | 770507s1968####ag#k##########000#0#spa## | ||
| 005 | 20101006184642.0 | ||
| 245 | 1 | 0 | |a Manual de presupuesto / |c Vicente L. Perel, Jorge V. López Jiménez. |
| 260 | |a Buenos Aires : |b Ediciones Macchi, |c [1968] | ||
| 300 | |a 110 p. ; |c 23 cm. | ||
| 490 | 0 | |a Colección Ciencias económicas | |
| 100 | 1 | |a Perel, Vicente L. | |
| 700 | 1 | |a López Jiménez, Jorge V. | |
| 830 | 0 | |a Colección Ciencias económicas. | |
| 082 | |a 658.1/54 | ||
| 082 | 0 | 4 | |a 658.154 |2 21 |
| 650 | 7 | |a Presupuesto. |2 unbist | |
| 650 | 7 | |a Control presupuestario. |2 isoc | |
| 010 | |a 68106871 | ||
| 040 | |a DLC |c NmU |d DLC | ||
| 050 | 0 | 0 | |a HF5550 |b .P38 |
| 859 | |a AR-BaBDC |b BIB. ADMINISTRACION - Libros |h 658.154 |i P414 |p b01318 | ||
